00867pam a2200253 a 45000010008000000030006000080050017000140080041000310100017000720200031000890400018001200500024001380820020001621000030001822450065002122600044002773000029003215040041003506500052003916500049004436500042004926500055005347000024005891107209GBCCL20241126110435.0930719s1993 caua j b 000 0 eng  a 93026385  a0830716408 (pbk.) :c$8.99 aDLCcDLCdDLC00aBV4509.5b.A55 199300a248.83220bAND1 aAnderson, Neil T.,d1942-10aStomping out the darkness /cNeil T. Anderson and Dave Park. aVentura, Calif. :bRegal Books,cc1993. a210 p. :bill. ;c21 cm. aIncludes bibliographical references. 0aIdentification (Religion)xJuvenile literature. 0aJunior high school studentsxReligious life. 0aHigh school studentsxReligious life. 0aSpiritual lifexChristianityxJuvenile literature.1 aPark, David,d1961-